Možné príčiny úbytku populácie včiel v dôsledku kočovania

Uložené v:
Podrobná bibliografia
Hlavný autor: Janiga, Marek (Autor)
Ďalší autori: Šulko, Miroslav (Vedúci práce)
Médium: Rukopis Kniha
Jazyk:Slovak
Vydavateľské údaje: 2025
Predmet:
On-line prístup:http://is.stuba.sk/zp/portal_zp.pl?podrobnosti=185390
Tagy: Pridať tag
Žiadne tagy, Buďte prvý, kto otaguje tento záznam!

MARC

LEADER 00000ntm a22000003a 4500
001 stuzp105916
003 SK-STU
005 20250621210604.5
007 ta
008 150427s2015----xo-----f-mn---000-0-slo-d
040 |a STU  |b slo 
041 0 |a slo 
100 1 |a Janiga, Marek  |u 020010  |4 aut  |U SjF Strojnícka fakulta  |T SjF Ústav aplikovanej mechaniky a mechatroniky  |X 111952  |U J0010  |Y 801  |7 111952 
242 0 1 |a Possible causes of bee population decline due to migratory beekeeping  |y eng 
245 1 0 |a Možné príčiny úbytku populácie včiel v dôsledku kočovania 
260 |c 2025 
650 4 |a vibrácie  |2 slo 
650 4 |a kočovanie  |2 slo 
650 4 |a modálna a tranzientná analýza  |2 slo 
650 4 |a včela medonosná  |2 slo 
650 4 |a modal and transient analysis  |2 eng 
650 4 |a honeybee  |2 eng 
650 4 |a migratory beekeeping  |2 eng 
650 4 |a vibrations  |2 eng 
700 1 |a Šulko, Miroslav  |u 020010  |k Z1  |4 ths  |U SjF Strojnícka fakulta  |T SjF Ústav aplikovanej mechaniky a mechatroniky  |X 2207  |U J0010  |Y 801  |7 A000002207 
856 4 |u http://is.stuba.sk/zp/portal_zp.pl?podrobnosti=185390